000 00507cam a2200205ua 4500
001 2634
005 20260515113534.0
008 110829n ii |||gr||||Z||||||asm
040 _cMAIN
082 _a491.451
100 1 _aPathak, Ramesh,
_eAuthor.
245 1 1 _aAsamiya bhasar itihash
_cby Ramesh Pathak
250 _a1st.
260 _aNalbari:
_bJournal emporium,985.
300 _a87p:
_c23cm.
653 _aLanguage
653 _aAssamese language
653 _aAsamiya bhasar itihash
942 _cBK
999 _c2483
_d2483